[Event "ROU-chT Men Superliga 2018"]
[Site "Sovata"]
[Date "2018.11.24"]
[Round "1.10"]
[White "Nastase, Robert-Paul"]
[Black "Vajda, Levente"]
[Result "0-1"]
[WhiteElo "2296"]
[BlackElo "2547"]
[Annotator "ChessBase"]
[PlyCount "88"]
[EventDate "2018.11.24"]
[EventType "team-tourn"]
[EventCountry "ROU"]
[SourceTitle "playchess.com"]
[Source "ChessBase"]
[SourceQuality "1"]
[TimeControl "40/5400+30:1800+30"]

1. e4 {[%emt 0:00:00]} e5 {[%emt 0:00:00]} 2. Nf3 {[%emt 0:00:00]} Nc6 {[%emt 0:00:00]} 3. d4 {[%emt 0:00:00]} exd4 {[%emt 0:00:00]} 4. Nxd4 {[%emt 0:00:00]} Nf6 {[%emt 0:00:16]} 5. Nxc6 {[%emt 0:00:00]} bxc6 {[%emt 0:00:04]} 6. e5 {[%emt 0:00:00]} Qe7 {[%emt 0:00:07]} 7. Qe2 {[%emt 0:00:00]} Nd5 {[%emt 0:00:08]} 8. h4 {[%emt 0:00:00]} a5 {[%emt 0:04:14]} 9. c4 {[%emt 0:00:00]} Nb6 {[%emt 0:00:40]} 10. h5 {[%emt 0:00:00]} a4 {[%emt 0:05:33]} 11. Nd2 {[%emt 0:02:03]} Ra5 {[%emt 0:03:43]} 12. Nf3 {[%emt 0:06:40]} Qb4+ {[%emt 0:05:13]} 13. Kd1 {[%emt 0:09:51]} Ba6 {[%emt 0:02:26]} 14. Rh4 {[%emt 0:01:53]} Be7 {[%emt 0:08:59]} 15. Re4 {[%emt 0:00:30]} d5 {[%emt 0:11:02]} 16. exd6 {[%emt 0:00:15]} Qxd6+ {[%emt 0:00:08]} 17. Qd2 {[%emt 0:19:53]} Rxh5 {[%emt 0:03:11]} 18. Kc2 {[%emt 0:10:33]} O-O {[%emt 0:08:49]} 19. g4 {[%emt 0:02:06]} Rd5 {[%emt 0:09:25]} 20. Qe1 {[%emt 0:00:34]} Rc5 {[%emt 0:00:56]} 21. Be3 {[%emt 0:09:08]} Rxc4+ {[%emt 0:00:22]} 22. Bxc4 {[%emt 0:00:58]} Nxc4 {[%emt 0:04:20]} 23. Rd1 {[%emt 0:07:07]} Qg6 {[%emt 0:02:50]} 24. Bf4 {[%emt 0:00:07]} a3 {[%emt 0:07:28]} 25. Ne5 {[%emt 0:03:42]} Nxe5 {[%emt 0:01:52]} 26. Bxe5 {[%emt 0:00:05]} Bh4 {[%emt 0:03:56]} 27. Bg3 {[%emt 0:06:57]} Bf6 {[%emt 0:08:04]} 28. bxa3 {[%emt 0:00:41]} Bc8 {[%emt 0:01:25]} 29. f3 {[%emt 0:02:15]} h5 {[%emt 0:00:08]} 30. Qe2 {[%emt 0:02:02]} hxg4 {[%emt 0:03:18]} 31. fxg4 {[%emt 0:00:05]} c5 {[%emt 0:02:12]} 32. Kc1 {[%emt 0:02:44]} Ba6 {[%emt 0:00:50]} 33. Qc2 {[%emt 0:00:41]} Rb8 {[%emt 0:01:25]} 34. Bxc7 {[%emt 0:00:59]} Bg5+ {[%emt 0:00:52]} 35. Bf4 {[%emt 0:00:20]} Qf6 {[%emt 0:01:41]} 36. Bxg5 {[%emt 0:00:13]} Qxg5+ {[%emt 0:00:07]} 37. Rd2 {[%emt 0:03:18]} Qf6 {[%emt 0:00:13]} 38. Rf2 {[%emt 0:01:00]} Qa1+ {[%emt 0:01:30]} 39. Kd2 {[%emt 0:00:06]} Rd8+ {[%emt 0:00:34]} 40. Ke3 {[%emt 0:00:00]} Bb7 {[%emt 0:00:00]} 41. Re2 {[%emt 0:09:01]} Qf1 {[%emt 0:09:43]} 42. Qc4 {[%emt 0:06:32]} Qg1+ {[%emt 0:00:25]} 43. Rf2 {[%emt 0:00:54]} Qe1+ {[%emt 0:00:36]} 44. Qe2 {[%emt 0:00:48]} Qc1+ {[%emt 0:00:28] Kd4} 0-1

[Event "ROU-chT Men Superliga 2018"]
[Site "Sovata"]
[Date "2018.11.24"]
[Round "1.11"]
[White "Gavrilescu, David"]
[Black "Dicu, Razvan-Stefan"]
[Result "1/2-1/2"]
[WhiteElo "2481"]
[BlackElo "2274"]
[Annotator "TA"]
[PlyCount "52"]
[EventDate "2018.11.24"]
[EventType "team-tourn"]
[EventCountry "ROU"]
[SourceTitle "playchess.com"]
[Source "ChessBase"]
[SourceQuality "1"]

{[%evp 23,52,31,31,22,22,29,33,12,43,44,57,0,0,0,0,0,0,0,0,0,0,0,0,0,0,0,0,0,0,0,0]} 1. e4 e6 2. d4 d5 3. Nd2 c5 4. exd5 exd5 5. Ngf3 Nf6 6. Bb5+ Bd7 7. Bxd7+ Nbxd7 {[%cal Bb8d7,Bd7c5,Bc5e4,Be4d6,Bd6c4][%mdl 32]} 8. O-O Be7 9. dxc5 Nxc5 10. Nb3 Nce4 11. Nfd4 O-O 12. Nf5 {C08: French Tarrasch: 3...c5 4 exd5 exd5 sidelines} Re8 {LiveBook: 17 Games} 13. f3 (13. Nxe7+ Qxe7 14. Be3 Qc7 15. Bd4 Rac8 16. c3 Nd7 17. Re1 h6 18. f3 Nd6 19. Rxe8+ Rxe8 20. Bf2 Nc4 21. Qc2 Nf8 22. Nd4 Ne6 23. Re1 Qd7 24. Nf5 a6 25. Bg3 Nf4 {½-½ (25) Marczell,P (2570)-Sadowski,M (2586) ICCF email 2009}) 13... Nd6 14. Nxe7+ Qxe7 15. Bg5 $146 ({Predecessor:} 15. Nd4 Qe5 16. Qd3 Nd7 17. b3 Nc5 18. Qd2 Ne6 19. Bb2 Nxd4 20. Bxd4 {½-½ (48) Szoen,D (2447)-Rajlich,I (2448) Lublin 2009}) 15... Nc4 16. Qd4 Qe5 17. Bxf6 ({White should try} 17. Qxe5 $14 Rxe5 18. Bxf6 gxf6 19. Nd4) 17... gxf6 $11 {The position is equal.} 18. Rae1 Qxe1 19. Rxe1 Rxe1+ 20. Kf2 Rae8 {[#] And now ...R1e2+ would win.} 21. Qxf6 {Black must now prevent Nd4.} R1e2+ 22. Kg3 {Nd4 is the strong threat.} Ne3 $1 23. Qg5+ Kh8 24. Qf6+ {[%mdl 64] [#] Double Attack} Kg8 25. Qg5+ Kh8 26. Qf6+ {[%mdl 64] Double Attack} Kg8 1/2-1/2

[Event "ROU-chT Men Superliga 2018"]
[Site "Sovata"]
[Date "2018.11.24"]
[Round "1.12"]
[White "Ciorica, Mihai-Vlad"]
[Black "Szabo, Gergely-Andras-Gyul"]
[Result "0-1"]
[WhiteElo "2097"]
[BlackElo "2531"]
[Annotator "TA"]
[PlyCount "64"]
[EventDate "2018.11.24"]
[EventType "team-tourn"]
[EventCountry "ROU"]
[SourceTitle "playchess.com"]
[Source "ChessBase"]
[SourceQuality "1"]

{[%evp 13,64,-8,-3,0,-8,-12,-5,-67,-40,-75,-64,-76,-81,-81,-85,-75,-85,-65,-25,-36,-22,-57,-50,-72,-61,-91,-146,-194,-191,-206,-151,-160,-159,-209,-153,-158,-156,-151,-141,-153,-142,-245,-245,-247,-246,-512,-491,-818,-799,-794,-781,-751,-724]} 1. d4 Nf6 2. c4 e6 3. Nc3 Bb4 4. f3 d5 5. a3 Bxc3+ 6. bxc3 c5 7. e3 Nc6 8. cxd5 {E24: Nimzo-Indian: Sämisch: Unusual Black 5th moves and 5...c5 sidelines} Nxd5 9. Bd2 O-O 10. Bd3 (10. f4 $11) (10. f4 Nf6 11. Nf3 b6 12. Bd3 Bb7 13. Qb1 Na5 14. e4 c4 15. Bc2 Nb3 16. Ra2 h6 17. O-O {½-½ (53) De Oliveira,J (2578)-Edwards,J (2506) ICCF email 2015}) 10... cxd4 11. cxd4 {[#]} e5 $1 {[%cal Re5d4]} 12. e4 Nf4 13. Bxf4 exf4 14. Ne2 Nxd4 {...Qh4+ is the strong threat.} 15. Nxf4 Qa5+ 16. Kf2 $146 Ne6 $36 {[%mdl 2048] Black is more active.} 17. Nxe6 Qb6+ 18. Ke2 Bxe6 19. Rb1 Qd6 ({Black should play} 19... Qd4 20. Qg1 Qd6) 20. Rxb7 Rfd8 21. Qb1 Qxa3 22. Rd1 {[#]} a5 $1 {[%cal Ba7a5,Ba5a4,Ba4a3][%mdl 32]} 23. Qb2 Qxb2+ 24. Rxb2 a4 25. Ra1 a3 26. Rb4 a2 27. h4 (27. f4 $17) 27... g6 $19 28. g4 Kg7 29. Rb2 $2 (29. Bc2) 29... Ra3 {Black is clearly winning.} 30. Bc2 (30. Bb1 $142 axb1=N 31. Rbxb1 Bc4+ 32. Kf2 Rd2+ 33. Kg3) 30... Bc4+ 31. Kf2 Rd2+ 32. Kg3 Rc3 {Accuracy: White = 49%, Black = 89%.} 0-1

[Event "ROU-chT Men Superliga 2018"]
[Site "Sovata"]
[Date "2018.11.24"]
[Round "1.13"]
[White "Parligras, Mircea-Emilian"]
[Black "Morozov, Nichita"]
[Result "1-0"]
[WhiteElo "2645"]
[BlackElo "2439"]
[Annotator "RC"]
[PlyCount "95"]
[EventDate "2018.11.24"]
[EventType "team-tourn"]
[EventCountry "ROU"]
[SourceTitle "playchess.com"]
[Source "ChessBase"]
[SourceQuality "1"]
[TimeControl "40/5400+30:1800+30"]

1. d4 {[%emt 0:00:00]} Nf6 {[%emt 0:00:00]} 2. c4 {[%emt 0:00:00]} e6 {[%emt 0:00:00]} 3. Nf3 {[%emt 0:00:00]} b6 {[%emt 0:00:00]} 4. a3 {[%emt 0:00:10]} Bb7 {[%emt 0:00:00]} 5. Bf4 {[%emt 0:00:15]} Ne4 {[%emt 0:00:00]} 6. e3 {[%emt 0:00:22]} g5 {[%emt 0:01:14]} 7. Bg3 {[%emt 0:00:49]} Nxg3 {[%emt 0:04:04]} 8. hxg3 {[%emt 0:00:25]} Bg7 {[%emt 0:02:28]} 9. Nc3 {[%emt 0:06:43]} g4 {[%emt 0:06:16]} 10. Ng1 {[%emt 0:03:47]} h5 {[%emt 0:04:22]} 11. Nge2 {[%emt 0:00:19]} h4 {[%emt 0:09:38]} 12. Nf4 {[%emt 0:11:08]} f5 {[%emt 0:05:50]} 13. gxh4 {[%emt 0:12:44]} Rxh4 {[%emt 0:00:17]} 14. Rxh4 {[%emt 0:00:05]} Qxh4 {[%emt 0:00:06]} 15. Nb5 {[%emt 0:03:17]} Na6 {[%emt 0:01:07]} 16. g3 {[%emt 0:01:09]} Qe7 {[%emt 0:08:41]} 17. Qa4 {[%emt 0:09:27]} c6 {[%emt 0:03:59]} 18. Nc3 {[%emt 0:00:14]} c5 {[%emt 0:07:08]} 19. O-O-O {[%emt 0:01:42]} Nc7 {[%emt 0:03:31]} 20. Bg2 {[%emt 0:07:15]} Bxg2 {[%emt 0:00:20]} 21. Nxg2 {[%emt 0:00:04]} cxd4 {[%emt 0:04:06]} 22. exd4 {[%emt 0:00:11]} Qd6 {[%emt 0:00:07]} 23. Nf4 {[%emt 0:06:16]} Bh6 {[%emt 0:13:01]} 24. Nce2 {[%emt 0:00:24]} b5 {[%emt 0:02:23]} 25. cxb5 {[%emt 0:00:16]} Nd5 {[%emt 0:01:30]} 26. Kb1 {[%emt 0:03:46]} Bxf4 {[%emt 0:00:13]} 27. Nxf4 {[%emt 0:01:51]} Nxf4 {[%emt 0:00:13]} 28. gxf4 {[%emt 0:00:05]} Qxf4 {[%emt 0:00:10]} 29. Qc2 {[%emt 0:00:40]} Qe4 {[%emt 0:08:48]} 30. Qxe4 {[%emt 0:00:34]} fxe4 {[%emt 0:00:03]} 31. Rg1 {[%emt 0:00:15]} O-O-O {[%emt 0:02:35]} 32. Rxg4 {[%emt 0:00:20]} Rf8 {[%emt 0:00:04]} 33. Rxe4 {[%emt 0:00:22]} Rxf2 {[%emt 0:00:03]} 34. a4 {[%emt 0:02:59]} Kc7 {[%emt 0:00:23]} 35. Ka2 {[%emt 0:01:15]} Kb6 {[%emt 0:02:00]} 36. Ka3 {[%emt 0:02:10]} Rd2 {[%emt 0:00:23]} 37. Rh4 {[%emt 0:02:12]} Rd1 {[%emt 0:02:27]} 38. Kb4 {[%emt 0:00:53]} Rd2 {[%emt 0:01:20]} 39. a5+ {[%emt 0:03:56]} Kc7 {[%emt 0:00:53]} 40. Kc3 {[%emt 0:00:00]} Rd1 {[%emt 0:00:00]} 41. Rh8 {[%emt 0:03:21]} Rc1+ {[%emt 0:03:01]} 42. Kb4 {[%emt 0:01:57]} Rd1 {[%emt 0:01:01]} 43. a6 {[%emt 0:01:10]} Rxd4+ {[%emt 0:00:04]} 44. Ka5 {[%emt 0:00:07]} e5 {[%emt 0:06:16]} 45. Ra8 {[%emt 0:00:07]} e4 {[%emt 0:00:05]} 46. Rxa7+ {[%emt 0:00:04]} Kb8 {[%emt 0:00:04]} 47. Rb7+ {[%emt 0:00:39]} Kc8 {[%emt 0:00:48]} 48. b6 {[%emt 0:03:01]} 1-0

[Event "ROU-chT Men Superliga 2018"]
[Site "Sovata"]
[Date "2018.11.24"]
[Round "1.14"]
[White "Ionescu, Constantin"]
[Black "Deac, Bogdan-Daniel"]
[Result "0-1"]
[WhiteElo "2432"]
[BlackElo "2598"]
[Annotator "RC"]
[PlyCount "84"]
[EventDate "2018.11.24"]
[EventType "team-tourn"]
[EventCountry "ROU"]
[SourceTitle "playchess.com"]
[Source "ChessBase"]
[SourceQuality "1"]
[TimeControl "40/5400+30:1800+30"]

1. d4 {[%emt 0:00:00]} Nf6 {[%emt 0:00:00]} 2. c4 {[%emt 0:00:00]} e6 {[%emt 0:00:00]} 3. Nc3 {[%emt 0:00:08]} Bb4 {[%emt 0:00:00]} 4. e3 {[%emt 0:01:44]} O-O {[%emt 0:00:00]} 5. Bd3 {[%emt 0:00:08]} d5 {[%emt 0:00:00]} 6. Nf3 {[%emt 0:00:28]} b6 {[%emt 0:00:07]} 7. O-O {[%emt 0:00:23]} Ba6 {[%emt 0:00:04]} 8. cxd5 {[%emt 0:03:52]} exd5 {[%emt 0:00:06]} 9. Bxa6 {[%emt 0:01:39]} Nxa6 {[%emt 0:00:03]} 10. Qd3 {[%emt 0:00:12]} Qc8 {[%emt 0:01:17]} 11. a3 {[%emt 0:04:44]} Bd6 {[%emt 0:04:14]} 12. b4 {[%emt 0:00:49]} c6 {[%emt 0:00:30]} 13. b5 {[%emt 0:09:32]} cxb5 {[%emt 0:01:50]} 14. Nxb5 {[%emt 0:00:56]} Be7 {[%emt 0:00:09]} 15. Bb2 {[%emt 0:03:22]} Qb7 {[%emt 0:01:58]} 16. Rfc1 {[%emt 0:01:43]} Rac8 {[%emt 0:00:50]} 17. Qf5 {[%emt 0:11:18]} g6 {[%emt 0:03:02]} 18. Qd3 {[%emt 0:04:51]} Nb8 {[%emt 0:00:50]} 19. a4 {[%emt 0:00:22]} a6 {[%emt 0:03:46]} 20. Nc3 {[%emt 0:02:34]} Nc6 {[%emt 0:00:08]} 21. Ba3 {[%emt 0:00:34]} Bxa3 {[%emt 0:07:15]} 22. Rxa3 {[%emt 0:00:08]} Na5 {[%emt 0:00:05]} 23. Nd2 {[%emt 0:06:47]} Rc6 {[%emt 0:04:57]} 24. Na2 {[%emt 0:04:34]} Rxc1+ {[%emt 0:04:03]} 25. Nxc1 {[%emt 0:00:08]} Rc8 {[%emt 0:00:04]} 26. Rc3 {[%emt 0:00:33]} Rxc3 {[%emt 0:00:11]} 27. Qxc3 {[%emt 0:00:09]} Qd7 {[%emt 0:00:03]} 28. Qc2 {[%emt 0:03:13]} b5 {[%emt 0:04:58]} 29. axb5 {[%emt 0:02:52]} Qxb5 {[%emt 0:00:14]} 30. g3 {[%emt 0:02:08]} Kg7 {[%emt 0:01:04]} 31. Nd3 {[%emt 0:02:53]} Nc6 {[%emt 0:00:31]} 32. Qb3 {[%emt 0:00:13]} Qa5 {[%emt 0:00:19]} 33. Qb2 {[%emt 0:01:00]} Qa4 {[%emt 0:02:05]} 34. Kg2 {[%emt 0:01:28]} a5 {[%emt 0:06:27]} 35. Nb3 {[%emt 0:05:45]} Qb5 {[%emt 0:11:52]} 36. Nbc5 {[%emt 0:00:10]} Nb4 {[%emt 0:00:06]} 37. Nxb4 {[%emt 0:00:15]} axb4 {[%emt 0:03:30]} 38. Qa2 {[%emt 0:00:22]} h5 {[%emt 0:00:09]} 39. Qa7 {[%emt 0:09:04]} b3 {[%emt 0:07:57]} 40. Qe7 {[%emt 0:00:00]} Qb6 {[%emt 0:00:00]} 41. Na4 {[%emt 0:05:08]} Qc6 {[%emt 0:01:17]} 42. Qa7 {[%emt 0:05:56]} Qc2 {[%emt 0:00:22]} 0-1

[Event "ROU-chT Men Superliga 2018"]
[Site "Sovata"]
[Date "2018.11.24"]
[Round "1.15"]
[White "Svetushkin, Dmitry"]
[Black "Itkis, Boris"]
[Result "1-0"]
[WhiteElo "2605"]
[BlackElo "2325"]
[Annotator "TA"]
[PlyCount "119"]
[EventDate "2018.11.24"]
[EventType "team-tourn"]
[EventCountry "ROU"]
[SourceTitle "playchess.com"]
[Source "ChessBase"]
[SourceQuality "1"]

{[%evp 24,119,6,14,8,10,8,6,46,39,40,20,50,0,49,18,41,41,41,-10,-20,-11,-13,-4,0,-29,-24,-41,12,0,23,6,0,0,0,0,6,0,0,0,0,0,29,26,31,33,33,29,128,125,161,151,158,158,158,158,154,43,76,12,12,12,243,52,59,20,20,20,25,34,34,34,362,348,341,320,3914,860,29975,29979,29979,29973,29975,29977,29977,29978,29978,29978,29978,29979,29979,29979,29980,29980,29979,29981,29985,29986]} 1. e4 e6 2. d4 d5 3. Nc3 Nf6 4. e5 Nfd7 5. f4 c5 6. Nf3 Nc6 7. Be3 Be7 8. Qd2 O-O 9. Be2 {C11: French: Classical System: 4 e5 and 4 Bg5 dxe4} a6 10. O-O b5 11. Nd1 (11. a3 Bb7 12. Nd1 f6 13. c3 Rc8 14. Bd3 Na5 15. Qe2 fxe5 16. fxe5 cxd4 17. cxd4 {1-0 (38) Grischuk,A (2761)-Caruana,F (2808) Paris 2017}) 11... cxd4 12. Nxd4 Nxd4 13. Bxd4 {LiveBook: 7 Games} Nb8 14. c3 Nc6 15. Bf2 $146 ({Predecessor:} 15. Be3 b4 16. Nf2 a5 17. Rfd1 bxc3 18. bxc3 Ba6 19. Bxa6 Rxa6 20. Rac1 Ra8 {½-½ (20) Enin,A (2207)-Woelfelschneider,P (2196) LSS email 2014}) 15... Bd7 16. Ne3 Qc7 17. Rac1 Rac8 18. Rfd1 Rfd8 19. Ng4 a5 20. Qe1 Be8 21. Bh4 ({Of course not} 21. Bxb5 Nxe5 22. Nxe5 Bxb5 $15) ({White should try} 21. Bd3 $14) 21... Bxh4 $11 22. Qxh4 {Threatens to win with Nf6+!} Ne7 23. Bd3 Ng6 24. Qg3 (24. Qf2 {is more complex.} b4 25. h4 f5 26. exf6 Qxf4 27. Qxf4 Nxf4 28. Ba6) 24... Qe7 25. Qf2 Qc5 (25... b4 $15) 26. Bxg6 (26. Qxc5 {keeps more tension.} Rxc5 27. g3 Rdc8 28. Nf2 R5c7 29. Rd2) 26... Qxf2+ (26... fxg6 {with more complications.} 27. Qxc5 Rxc5 28. Ne3 Rdc8 29. Ra1 b4) 27. Nxf2 {Hoping for Bh5.} (27. Kxf2 {seems wilder.} hxg6 28. Ke3 Kf8 29. Nf2 Ke7 30. h4) 27... hxg6 28. a3 Rc4 29. Rd4 Rdc8 {...Rxd4 is the strong threat.} 30. Nd3 f6 31. g3 g5 32. exf6 gxf4 33. Rxf4 Rxf4 34. Nxf4 {[%mdl 4096] Endgame KRB-KRN} Bf7 $1 35. fxg7 b4 (35... e5 $1 $11 {keeps the balance.} 36. Ne2 Kxg7) 36. axb4 $16 axb4 37. Nd3 $1 bxc3 38. Rxc3 ({Don't play} 38. bxc3 $6 Kxg7 39. Kf2 Bg6 $14) 38... Rxc3 39. bxc3 Kxg7 {[#] KB-KN} 40. Kf2 (40. Ne5 $1 $16 {[%cal Re5f7]} Be8 41. g4) 40... Kf6 $14 41. g4 ({Better is} 41. Kf3 $16) 41... e5 $1 $11 42. h4 Bg6 $2 {[#]} (42... d4 $11 {and Black has nothing to worry.}) 43. Nb4 $2 ({Only move:} 43. Ne1 $1 $18) 43... Bf7 $14 44. Kf3 Be6 $1 45. Nc2 {next Kg3 is good for White.} Kg6 46. Kg3 Kf6 $1 47. Ne1 {Strongly threatening h5.} Bg8 $2 {[%mdl 8192]} (47... d4 $1 $14) 48. Nf3 Bf7 49. h5 Be6 $2 (49... d4 50. Nd2 (50. cxd4 exd4 51. Kf4 d3 $16) 50... Kg5) 50. Kh4 $18 Bf7 51. g5+ {White mates.} Kf5 52. g6 {[%mdl 64] Overworked Piece} Bxg6 53. hxg6 Kxg6 54. Nxe5+ {KN-KP} Kf5 55. Nc6 Ke6 56. Kg4 Kd6 57. Nd4 Kc5 58. Kf4 Kc4 59. Ne2 Kd3 60. Ke5 {Accuracy: White = 45%, Black = 46%.} 1-0

[Event "ROU-chT Men Superliga 2018"]
[Site "Sovata"]
[Date "2018.11.24"]
[Round "1.16"]
[White "Pavlov, Mircea-Sergiu-Aurel"]
[Black "Iordachescu, Viorel"]
[Result "0-1"]
[WhiteElo "2330"]
[BlackElo "2597"]
[Annotator "TA"]
[PlyCount "73"]
[EventDate "2018.11.24"]
[EventType "team-tourn"]
[EventCountry "ROU"]
[SourceTitle "playchess.com"]
[Source "ChessBase"]
[SourceQuality "1"]

{[%evp 11,73,-13,0,0,0,7,21,0,0,0,25,0,3,1,0,-54,0,-7,35,13,42,49,43,18,27,14,54,50,50,51,48,-10,48,-36,0,-39,-33,-82,0,0,29,18,60,-28,-30,-27,-31,-43,-27,-40,0,-363,-343,-376,-356,-348,-284,-462,-441,-459,-444,-454,-423,-1445]} 1. e4 e5 2. Nf3 Nc6 3. d4 exd4 4. Nxd4 Nf6 5. Nxc6 bxc6 6. Qe2 {C45: Scotch Game} d6 {LiveBook: 30 Games} 7. b3 $146 ({Predecessor:} 7. Nc3 Be7 8. Be3 O-O 9. O-O-O Be6 10. h3 Nd7 11. f4 Nb6 12. f5 Bc4 13. Qg4 Bxf1 {½-½ (54) Vallejo Pons,F (2706)-Ponomariov,R (2743) Khanty-Mansiysk 2013}) 7... Be7 8. Bb2 {The position is equal.} O-O 9. Nd2 a5 10. a4 Ng4 11. h3 Bf6 12. c3 $1 Ne5 13. O-O-O (13. Qe3 $11) 13... Ba6 14. Qe3 Re8 15. f4 Nd7 16. Bxa6 Rxa6 {[%cal Ba8a6,Ba6b6,Bb6b8][%mdl 32]} 17. Rhe1 Rb6 18. Ba3 d5 19. Kc2 Rb8 20. Qf3 Nb6 21. g4 (21. Bc5 $14) 21... Be7 (21... Bh4 $11 22. Re2 Be7) 22. Bb2 ({White should try} 22. Bxe7 $14 Rxe7 23. g5) 22... Bf8 23. g5 Qc8 24. Rb1 {[#]} Qd7 (24... c5 $1 $17 {[%cal Rc5c4]} 25. exd5 c4 26. bxc4 (26. Nxc4 Nxc4 27. bxc4 Qd7 $17) 26... Qd7 27. Rxe8 Rxe8) 25. Qg4 $11 Qd6 26. e5 Qd7 27. f5 ({White should play} 27. Qxd7 $14 Nxd7 28. Nf3) 27... c5 $1 {[%cal Rc5c4]} 28. e6 fxe6 29. fxe6 Qc6 {aiming for ...c4.} 30. g6 {[#] Hoping for gxh7+.} c4 {Threatens to win with ...cxb3+.} 31. Qf5 $2 {[%mdl 8192]} (31. Ba3 $11 {and White has nothing to worry.} Bxa3 32. gxh7+ Kh8 33. Nf3 cxb3+ 34. Rxb3 Qxa4 35. Qxa4 Nxa4 36. Rxa3 Rb2+ 37. Kc1) 31... cxb3+ $19 32. Nxb3 Nc4 33. Bc1 Be7 34. Qh5 $2 (34. Kd1 Nd6 35. Qh5 hxg6 36. Qxg6) 34... hxg6 {Black is clearly winning.} 35. Qxg6 {And now Rg1 would win.} Rf8 36. Rg1 {[%csl Gg1][%cal Rg6g7]} Bf6 37. Bh6 {Accuracy: White = 38%, Black = 41%.} (37. e7 $142 Rfe8 38. Bg5 Na3+ 39. Kd1 Nxb1 40. Bxf6 Nxc3+ 41. Bxc3 Qxc3 {[%mdl 64] Double Attack} 42. Rg3) 0-1

[Event "ROU-chT Men Superliga 2018"]
[Site "Sovata"]
[Date "2018.11.24"]
[Round "1.17"]
[White "Nevednichy, Vladislav"]
[Black "Ileana, George"]
[Result "1-0"]
[WhiteElo "2529"]
[BlackElo "2318"]
[Annotator "TA"]
[PlyCount "79"]
[EventDate "2018.11.24"]
[EventType "team-tourn"]
[EventCountry "ROU"]
[SourceTitle "playchess.com"]
[Source "ChessBase"]
[SourceQuality "1"]

{[%evp 19,79,4,13,24,17,20,31,35,25,20,69,24,54,-89,-85,-80,25,-56,125,57,56,0,20,25,20,0,0,-23,62,69,64,58,67,58,90,76,103,98,91,98,104,99,218,208,422,241,368,366,325,304,403,393,495,480,502,487,956,634,919,896,1110,1097]} 1. e4 c5 2. Nf3 d6 3. d4 cxd4 4. Qxd4 Nc6 5. Bb5 Bd7 6. Bxc6 Bxc6 7. Nc3 h6 8. Be3 e5 {B53: Sicilian: 2...d6: Lines with Qxd4} 9. Qd3 Nf6 10. O-O-O Be7 {LiveBook: 23 Games. The position is equal.} 11. Nh4 (11. h3 Qa5 12. Nd2 Rd8 13. Nb3 Qc7 14. Qc4 Rd7 15. f3 O-O 16. Nd5 Bxd5 17. Qxc7 Rxc7 18. exd5 Nd7 19. Kb1 {½-½ (29) Mamedov,R (2636)-Dubov,D (2498) Moscow 2012}) 11... g6 12. g3 Kf8 $146 ({Predecessor:} 12... Qa5 13. Kb1 Rd8 14. Nd5 Nxd5 15. exd5 Bb5 16. Qb3 Rc8 {0-1 (33) Olszewski,M (2210)-Janaszak,D (2223) Poznan 2003}) 13. f4 Kg7 14. Rhf1 b5 15. Nf3 Qb8 16. Nd2 (16. fxe5 $1 $14 dxe5 17. Qd2) 16... Qb7 $1 $17 17. Nb3 {[#]} Bxe4 ({Worse is} 17... Nxe4 18. fxe5 (18. Na5 Qa6 $16) 18... Nxc3 19. Qxc3 $16) (17... a5 $1 $17 {Strongly threatening ...b4.} 18. Nd5 Bxd5 19. exd5 Rhd8) 18. Qxb5 (18. Nxe4 $11 Qxe4 19. Qxe4 Nxe4 20. Rd5) 18... Rhd8 $2 (18... Qxb5 $15 {keeps the upper hand.} 19. Nxb5 Rhc8) 19. Qxb7 ({Better is} 19. fxe5 $16 Ng4 20. exd6 Qxb5 21. Nxb5 Nxe3 22. dxe7) 19... Bxb7 $14 20. Kb1 (20. Na5 $14 Bg2 21. Rg1) 20... Ng4 21. Bg1 f5 22. Nd5 Kf7 23. Rfe1 e4 (23... Bf8 $11) 24. Nxe7 Kxe7 25. Na5 $36 {[%mdl 2048] White has good play.} Rd7 $1 26. c4 {[%cal Bc2c4,Bc4c5][%mdl 32]} Nf6 27. b4 a6 28. Kb2 Rb8 29. a4 Ba8 30. Ka3 d5 {[#]} (30... Kf7 $16) 31. c5 $1 $18 d4 $2 (31... Ne8 32. Re2 Ke6) 32. Rxd4 (32. c6 $142) 32... Rxd4 (32... Rbd8 $142) 33. Bxd4 Nd5 34. Rb1 e3 {[#]} 35. Bxe3 $1 {[%mdl 512]} Nxe3 36. Re1 {White is clearly winning.} Ke6 37. Rxe3+ Kd5 (37... Be4 $142 38. Nc6 Rc8) 38. Re5+ Kd4 39. c6 Rc8 40. b5 {Accuracy: White = 54%, Black = 18%.} 1-0